| 000 | 00495cam a2200193ua 4500 | ||
|---|---|---|---|
| 001 | 1039 | ||
| 008 | 110427n ii |||gr||||Z||||||eng | ||
| 040 | _cMAIN | ||
| 082 | _a350.01 | ||
| 245 | 1 |
_aPublic administration in theory and practice. _cBy M P Sharma. |
|
| 250 | _a17th. | ||
| 260 |
_aAllahabad.: _bKitab mahal.,987. |
||
| 300 |
_a706 p.: _c21 cm. |
||
| 653 | _aPolitical science. | ||
| 653 | _aPublic administration. | ||
| 700 | _aSharma, M P., | ||
| 700 | _aSadana, B L., | ||
| 942 | _cBK | ||
| 999 |
_c956 _d956 |
||